000 00292nam a22001337a 4500
008 170309b xxu||||| |||| 00| 0 eng d
020 _a354051709X
041 _aeng
080 _a611
100 _a6
101 _aSHM
245 _aATLAS OF HUMAN LIMB JOINTS
_cVANNSON, J.L
942 _2udc
_cBK
999 _c7298
_d7298